LIBRARY & INFORMATION CENTRE, KCAET, TAVANUR

ONLINE PUBLIC ACCESS CATALOGUE (OPAC)

A handbook for food technos (Record no. 15453)

MARC details
000 -LEADER
fixed length control field 00338nam a22001337a 4500
020 ## - INTERNATIONAL STANDARD BOOK NUMBER
ISBN 9789381450895
082 ## - DEWEY DECIMAL CLASSIFICATION NUMBER
Classification number 664
Item number POS/HA
100 ## - MAIN ENTRY--AUTHOR NAME
Personal name Poshadri ,A .
245 ## - TITLE STATEMENT
Title A handbook for food technos
260 ## - PUBLICATION, DISTRIBUTION, ETC. (IMPRINT)
Place of publication New delhi ;
Name of publisher New india publishing agency ,
Year of publication 2013 .
300 ## - PHYSICAL DESCRIPTION
Number of Pages 720p.;
700 ## - ADDED ENTRY--PERSONAL NAME
Personal name Kuna ,aparna .
942 ## - ADDED ENTRY ELEMENTS (KOHA)
Koha item type Books
Holdings
Withdrawn status Lost status Damaged status Home library Current library Shelving location Date acquired Cost, normal purchase price Full call number Accession Number Koha item type
      KAUAET KAUAET Reference1 05/06/2018 3600.00 664 POS/HA 25727 Books
free website counter